| 000 | 00445nam a22001817a 4500 | ||
|---|---|---|---|
| 001 | 00028741 | ||
| 005 | 20260409151116.0 | ||
| 008 | 260409b ag ||||| |||| 00| 0 spa d | ||
| 020 | _a8441322770 | ||
| 040 |
_bspa _cAR-CcCEOS |
||
| 080 | _a937 | ||
| 090 | _bGRA | ||
| 245 |
_aGran Historia Universal : _bEpoca Clasica |
||
| 260 |
_aBarcelona : _bFolio, _cc2006. |
||
| 300 |
_a119 p. ; _c30x23 cm. |
||
| 650 | 0 | _ahistoria | |
| 942 |
_2udc _cBK |
||
| 999 |
_c28776 _d28776 |
||
| 945 |
_a66467 _bMelina Rolando _c66467 _dMelina Rolando |
||